Les 20 clubs de Football ayant les plus gros palmarès - Statistiques

Statistiques générales
  • Ce quiz a été pris 6 576 fois
  • Le résultat moyen est 8 sur 20
Statistiques - réponses
Nombre de trophées Clubs % Correct
92 Trophées Real Madrid
98%
89 Trophées Barcelone
92%
66 Trophées Manchester United
84%
64 Trophées Liverpool
78%
81 trophées Bayern Munich
76%
70 Trophées Juventus
76%
75 Trophées Ajax
51%
83 Trophées Benfica
47%
79 Trophées Porto
46%
116 Trophées Rangers
27%
112 Trophées Celtic Glasgow
23%
57 Trophées Boca Juniors
19%
58 Trophées Galatasaray
19%
66 Trophées Anderlecht
14%
78 Trophées Olympiakos
9%
114 Trophées Al-Ahly
6%
81 Trophées Al-Faisaly
1%
61 Trophées Atletico Penarol
1%
56 Trophées Club Nacional
1%
53 Trophées Club Olimpia
0%
Aucun quiz correspondant
Distribution des résultats
% des personnes avec chaque résultat
Percentile par nombre de réponses
Votre historique - résultats
Vous n’avez pas pris ce quiz